[Event "Roy mem."]
[Site "Hull CAN"]
[Date "1998.11.24"]
[Round "5"]
[White "Groleau, Gilles"]
[Black "Gagnon, Fabien"]
[Result "1/2-1/2"]
[WhiteElo "1986"]
[BlackElo "2001"]
[PlyCount "82"]
[GameId "2160767911806160"]
[EventDate "1998.10.27"]
[EventType "swiss"]
[EventRounds "5"]
[EventCountry "CAN"]
[SourceTitle "EXT 2005"]
[Source "ChessBase"]
[SourceDate "2004.11.15"]
[SourceVersion "1"]
[SourceVersionDate "2004.11.15"]
[SourceQuality "1"]

1. e4 c5 2. Nf3 e6 3. Be2 Nc6 4. O-O Nf6 5. Nc3 Qc7 6. Re1 a6 7. Bf1 Be7 8. d3 d6 9. h3 O-O 10. Bg5 Re8 11. Qd2 b5 12. Rad1 Nd4 13. Nxd4 cxd4 14. Ne2 e5 15. c3 dxc3 16. Nxc3 Bb7 17. Rc1 Qd7 18. Be2 d5 19. Bxf6 Bxf6 20. Nxd5 Bxd5 21. exd5 e4 22. dxe4 Rxe4 23. Bg4 Rxe1+ 24. Qxe1 Qe8 25. Qxe8+ Rxe8 26. b3 Rd8 27. Bf3 Be7 28. Kf1 Kf8 29. Rc6 Rd6 30. Rc8+ Bd8 31. Ke2 Ke7 32. Kd3 Bb6 33. Rc2 Rd7 34. Be4 Rc7 35. Rxc7+ Bxc7 36. a4 bxa4 37. bxa4 h6 38. Kc4 Kd6 39. f4 Ba5 40. Bf5 Bd2 41. Bc8 a5 1/2-1/2

[Event "Roy mem."]
[Site "Hull CAN"]
[Date "1998.11.24"]
[Round "5"]
[White "Lacourse, Guy"]
[Black "Beaudet, Jean-Luc"]
[Result "1/2-1/2"]
[WhiteElo "1579"]
[BlackElo "1789"]
[PlyCount "85"]
[GameId "2160767911806161"]
[EventDate "1998.10.27"]
[EventType "swiss"]
[EventRounds "5"]
[EventCountry "CAN"]
[SourceTitle "EXT 2022"]
[Source "ChessBase"]
[SourceDate "2021.10.06"]
[SourceVersion "1"]
[SourceVersionDate "2021.10.06"]
[SourceQuality "1"]

1. d4 d5 2. c4 c6 3. Nf3 Nf6 4. Nc3 dxc4 5. a4 Bf5 6. Ne5 e6 7. e3 Bb4 8. Bxc4 Ne4 9. Bd2 Nxd2 10. Qxd2 Nd7 11. Nxd7 Qxd7 12. O-O O-O 13. Qe2 Qc7 14. e4 Bg6 15. f4 h6 16. g4 Rad8 17. f5 exf5 18. gxf5 Bh7 19. d5 Bxc3 20. bxc3 cxd5 21. Bxd5 Qxc3 22. Bxb7 Rd2 23. Qh5 Qe3+ 24. Kh1 g6 25. fxg6 Bxg6 26. Qf3 Qxf3+ 27. Rxf3 Rb8 28. Bd5 Rxd5 29. exd5 Be4 30. Kg2 Rb2+ 31. Kg3 Bxf3 32. Kxf3 Rxh2 33. Rd1 Rb2 34. d6 Rb8 35. Kf4 Kf8 36. Rd5 Ke8 37. Kf5 Rb4 38. Re5+ Kd7 39. Re7+ Kxd6 40. Rxa7 h5 41. Rxf7 Rxa4 42. Rh7 h4 43. Kg5 1/2-1/2

[Event "Roy mem."]
[Site "Hull CAN"]
[Date "1998.11.25"]
[Round "5"]
[White "Laurin, Jacques"]
[Black "Thomann, Olivier"]
[Result "0-1"]
[WhiteElo "1921"]
[BlackElo "1803"]
[PlyCount "64"]
[GameId "2160767911806162"]
[EventDate "1998.10.27"]
[EventType "swiss"]
[EventRounds "5"]
[EventCountry "CAN"]
[SourceTitle "EXT 2005"]
[Source "ChessBase"]
[SourceDate "2004.11.15"]
[SourceVersion "1"]
[SourceVersionDate "2004.11.15"]
[SourceQuality "1"]

1. c4 Nf6 2. Nc3 g6 3. g3 Bg7 4. Bg2 c5 5. Nf3 Nc6 6. d4 cxd4 7. Nxd4 O-O 8. Nc2 d6 9. O-O Be6 10. Nd5 Na5 11. Nce3 Rc8 12. Qd3 Nd7 13. Bd2 Re8 14. Bxa5 Qxa5 15. b4 Qa4 16. Rac1 Qxa2 17. Nxe7+ Rxe7 18. Qxd6 Ree8 19. Bxb7 Rb8 20. c5 Rxb7 21. c6 Rb6 22. cxd7 Rd8 23. Qe7 Rbb8 24. Rc2 Qa4 25. Rd1 Bf8 26. Qf6 Rxd7 27. Rxd7 Qxd7 28. Qe5 Rxb4 29. Rc7 Qd6 30. Qa5 a6 31. Ra7 Bh3 32. Qa1 Qb6 0-1

[Event "Scarlet op"]
[Site "Winnipeg CAN"]
[Date "1998.09.25"]
[Round "1"]
[White "Gantzert, Rene"]
[Black "Kaptsan, Aron"]
[Result "0-1"]
[WhiteElo "1688"]
[BlackElo "2146"]
[PlyCount "86"]
[GameId "2160767911874167"]
[EventDate "1998.??.??"]
[EventType "swiss"]
[EventRounds "5"]
[EventCountry "CAN"]

1. d4 d5 2. c4 dxc4 3. e4 Nc6 4. Be3 e6 5. Bxc4 Nf6 6. Nc3 Bb4 7. e5 Nd5 8. Bxd5 exd5 9. Nge2 O-O 10. O-O Ba5 11. h3 Ne7 12. Bg5 c6 13. f4 Qe8 14. Bxe7 Qxe7 15. f5 Bb6 16. Kh1 Qg5 17. Qd3 Bd7 18. Rf3 Kh8 19. Raf1 Rad8 20. e6 fxe6 21. fxe6 Rxf3 22. Qxf3 Bxe6 23. Nf4 Bg8 24. Qd3 Re8 25. Nce2 Qe7 26. Qf5 Qf6 27. Qh5 g6 28. Qg4 Qg7 29. Nd3 Be6 30. Qf4 Bc7 31. Ne5 Bxe5 32. dxe5 Bf5 33. Nc3 Qxe5 34. Qxe5+ Rxe5 35. g4 Be6 36. Kg2 Kg7 37. a3 d4 38. Nb1 Re2+ 39. Rf2 Rxf2+ 40. Kxf2 Kf6 41. Nd2 Bd5 42. b4 b6 43. Kg3 Ke5 0-1

[Event "Scarlet op"]
[Site "Winnipeg CAN"]
[Date "1998.09.25"]
[Round "1"]
[White "Khedkar, Jay"]
[Black "Trueman, Francis"]
[Result "1-0"]
[WhiteElo "2029"]
[BlackElo "1493"]
[PlyCount "75"]
[GameId "2160767911874168"]
[EventDate "1998.??.??"]
[EventType "swiss"]
[EventRounds "5"]
[EventCountry "CAN"]

1. d4 Nf6 2. c4 e6 3. Nf3 c5 4. g3 d5 5. Bg2 Nbd7 6. cxd5 exd5 7. O-O g6 8. Nc3 Bg7 9. Bg5 Qb6 10. b3 cxd4 11. Nxd4 Ne4 12. Nxe4 dxe4 13. Be3 Nc5 14. Rc1 Bg4 15. h3 Bd7 16. Nf5 gxf5 17. Bxc5 Qf6 18. e3 Rd8 19. Qe2 a6 20. Rfd1 Qh6 21. Rd6 f6 22. Qd2 Bf8 23. Rd5 Bxc5 24. Rcxc5 Qg7 25. Rc7 h5 26. h4 Rh7 27. Rxb7 Qe7 28. Bf1 f4 29. exf4 e3 30. fxe3 Rg7 31. Kf2 Qe6 32. f5 Qg8 33. e4 Re7 34. Bxa6 Qg4 35. Rbxd7 Rdxd7 36. Rxd7 Qxe4 37. Rxe7+ Qxe7 38. Qe3 1-0

[Event "Scarlet op"]
[Site "Winnipeg CAN"]
[Date "1998.09.25"]
[Round "1"]
[White "Magyar, Peter"]
[Black "Gustafson, Dale"]
[Result "0-1"]
[WhiteElo "1434"]
[BlackElo "1962"]
[PlyCount "74"]
[GameId "2160767911874169"]
[EventDate "1998.??.??"]
[EventType "swiss"]
[EventRounds "5"]
[EventCountry "CAN"]

1. e4 d5 2. exd5 Qxd5 3. Nc3 Qa5 4. Nf3 Nf6 5. d4 c6 6. Be2 Bg4 7. Bd2 e6 8. Ne5 Bxe2 9. Nxe2 Qc7 10. Nf4 Bd6 11. Nfd3 Nbd7 12. Bf4 h5 13. Qe2 Rg8 14. h3 Nb6 15. O-O-O O-O-O 16. Rhe1 g5 17. Bd2 Bxe5 18. dxe5 Nfd5 19. Qxh5 Nf4 20. Nxf4 gxf4 21. Qf3 Nd5 22. g3 fxg3 23. fxg3 Rg7 24. g4 Rdg8 25. Qf2 b6 26. Be3 Rh7 27. Qg3 Rgh8 28. Rh1 Qe7 29. Bf2 Qg5+ 30. Kb1 Rg8 31. Qa3 Kb7 32. c4 Nc7 33. Rd7 Qxe5 34. Qe7 Qe4+ 35. Kc1 Qxh1+ 36. Kd2 Rc8 37. Bg3 Qg2+ 0-1

[Event "Scarlet op"]
[Site "Winnipeg CAN"]
[Date "1998.09.25"]
[Round "1"]
[White "Repa, Jason"]
[Black "Charter, Bennet"]
[Result "1-0"]
[WhiteElo "1850"]
[BlackElo "1416"]
[PlyCount "79"]
[GameId "2160767911874170"]
[EventDate "1998.??.??"]
[EventType "swiss"]
[EventRounds "5"]
[EventCountry "CAN"]

1. f4 d5 2. e3 Nf6 3. b3 g6 4. Bb2 Bg7 5. Nf3 O-O 6. c4 c6 7. Na3 Bf5 8. cxd5 cxd5 9. Nb5 a6 10. Nbd4 Bg4 11. Be2 Bxf3 12. Bxf3 Nbd7 13. O-O e5 14. fxe5 Nxe5 15. Qe2 Nxf3+ 16. Nxf3 Re8 17. Ne5 Qd6 18. d4 Re7 19. a4 Qb6 20. Rfb1 Ne4 21. Qd3 Rd8 22. Ba3 Rc7 23. Rc1 Bxe5 24. dxe5 Rdc8 25. Rxc7 Rxc7 26. Rf1 Rc3 27. e6 Qxe6 28. Qd4 Rxb3 29. Bb2 f6 30. Rc1 Qb6 31. Qxd5+ Kg7 32. Qxe4 Rxb2 33. Qe7+ Kh6 34. Qf8+ Kh5 35. Qe7 Rb1 36. Qxh7+ Kg5 37. h4+ Kf5 38. Qd7+ Ke5 39. Qd4+ Kf5 40. Qd3+ 1-0

[Event "Scarlet op"]
[Site "Winnipeg CAN"]
[Date "1998.09.26"]
[Round "2"]
[White "Gustafson, Dale"]
[Black "Gannon, Keith"]
[Result "1-0"]
[WhiteElo "1962"]
[BlackElo "1725"]
[PlyCount "133"]
[GameId "2160767911874171"]
[EventDate "1998.??.??"]
[EventType "swiss"]
[EventRounds "5"]
[EventCountry "CAN"]

1. e4 c5 2. Nc3 e5 3. g3 Nc6 4. Bg2 Nf6 5. d3 d6 6. h3 Be6 7. Nge2 d5 8. O-O dxe4 9. dxe4 Qxd1 10. Rxd1 Be7 11. Bg5 O-O 12. Bxf6 Bxf6 13. Nd5 Bd8 14. c3 a6 15. Rd3 c4 16. Rd2 f6 17. Rad1 Ba5 18. f4 Rad8 19. f5 Bf7 20. g4 b5 21. Ng3 h6 22. a3 Kh7 23. Bf3 Rfe8 24. Kg2 Rb8 25. h4 Bd8 26. Ne3 Be7 27. Nd5 Bd8 28. Nf1 a5 29. Nfe3 Bg8 30. Kh3 Bf7 31. Rg2 Rb7 32. Be2 Ne7 33. g5 hxg5 34. hxg5 fxg5 35. Rh1 Rh8 36. Kg4+ Kg8 37. Rxh8+ Kxh8 38. f6 Be6+ 39. Kg3 Nxd5 40. fxg7+ Kxg7 41. exd5 Bd7 42. Bf3 Ra7 43. Bg4 Bxg4 44. Nxg4 e4 45. d6 b4 46. axb4 axb4 47. cxb4 Rb7 48. Ne5 Bf6 49. Nxc4 Rxb4 50. Rc2 e3 51. Kf3 Kf7 52. d7 Kf8 53. Nxe3 Rd4 54. Rc7 Bd8 55. Rb7 Rd3 56. Ke4 Rd6 57. Ke5 Rb6 58. Rxb6 Bxb6 59. Ke6 Bd8 60. b4 Bc7 61. b5 Bb6 62. Nd5 Bd8 63. b6 g4 64. b7 g3 65. b8=Q g2 66. Qxd8+ Kg7 67. Qg5+ 1-0

[Event "Scarlet op"]
[Site "Winnipeg CAN"]
[Date "1998.09.26"]
[Round "2"]
[White "Kaptsan, Aron"]
[Black "Boron, Anthony"]
[Result "1/2-1/2"]
[WhiteElo "2146"]
[BlackElo "1849"]
[PlyCount "103"]
[GameId "2160767911874172"]
[EventDate "1998.??.??"]
[EventType "swiss"]
[EventRounds "5"]
[EventCountry "CAN"]

1. d4 Nf6 2. Nf3 g6 3. b3 Bg7 4. Bb2 d5 5. g3 O-O 6. Bg2 Bg4 7. O-O Nbd7 8. Ne5 Bf5 9. c4 Be4 10. f3 Bxb1 11. Rxb1 c6 12. e4 e6 13. cxd5 cxd5 14. Nd3 Qb6 15. e5 Ne8 16. Nf2 Nc7 17. Qd2 Rfc8 18. Rfc1 Na6 19. Bf1 Nb4 20. a3 Nc6 21. b4 Ne7 22. Kg2 f6 23. f4 fxe5 24. dxe5 Nf5 25. Bd3 Qe3 26. Qe1 Qxe1 27. Rxe1 Rc7 28. Rbc1 Rac8 29. Rxc7 Rxc7 30. Rc1 Ne3+ 31. Kf3 Nc4 32. Bxc4 dxc4 33. Ne4 b5 34. Bd4 h6 35. Ke3 Bf8 36. Kd2 Be7 37. Kc3 a6 38. Be3 Rc6 39. Rd1 Nb6 40. Bxb6 Rxb6 41. Rd7 Kf8 42. h4 Ke8 43. Ra7 Kd8 44. Ra8+ Kc7 45. Rg8 a5 46. Rxg6 axb4+ 47. axb4 Ra6 48. Rxh6 Ra3+ 49. Kc2 Bxb4 50. Rxe6 Re3 51. Nf6 Re2+ 52. Kd1 1/2-1/2

[Event "Scarlet op"]
[Site "Winnipeg CAN"]
[Date "1998.09.26"]
[Round "2"]
[White "Shpan, Mike"]
[Black "Khedkar, Jay"]
[Result "0-1"]
[WhiteElo "1811"]
[BlackElo "2029"]
[PlyCount "108"]
[GameId "2160767911874173"]
[EventDate "1998.??.??"]
[EventType "swiss"]
[EventRounds "5"]
[EventCountry "CAN"]

1. e4 c5 2. Nc3 e6 3. Nf3 d6 4. Bb5+ Nd7 5. O-O Ngf6 6. d4 cxd4 7. Nxd4 a6 8. Bxd7+ Bxd7 9. Re1 Qc7 10. f4 b5 11. e5 b4 12. Nce2 dxe5 13. fxe5 Qxe5 14. Nf4 Qc7 15. Qf3 Rc8 16. Nd5 Nxd5 17. Qxd5 Bc5 18. c3 O-O 19. Qe4 Bc6 20. Bf4 Bxe4 21. Bxc7 Bxg2 22. Kxg2 Rxc7 23. Nb3 bxc3 24. Rac1 Bb4 25. Re2 cxb2 26. Rxb2 Rxc1 27. Nxc1 Ba3 28. Rc2 Bxc1 29. Rxc1 Ra8 30. a4 Kf8 31. Kf3 Ra7 32. Ke4 Ke7 33. h4 Kd6 34. h5 Rc7 35. Rd1+ Kc5 36. Rb1 Rd7 37. Ke3 e5 38. h6 gxh6 39. Rh1 Rd4 40. Rxh6 Rxa4 41. Rxh7 Rf4 42. Kd3 a5 43. Rh1 f5 44. Re1 e4+ 45. Kc3 Rf3+ 46. Kb2 Kb4 47. Rd1 Rf2+ 48. Ka1 e3 49. Re1 f4 50. Kb1 Kb3 51. Ka1 e2 52. Rb1+ Ka3 53. Rc1 Rf1 54. Kb1 Kb3 0-1

[Event "Scarlet op"]
[Site "Winnipeg CAN"]
[Date "1998.09.26"]
[Round "3"]
[White "Boron, Anthony"]
[Black "Ott, Richard"]
[Result "1-0"]
[WhiteElo "1849"]
[BlackElo "1526"]
[PlyCount "43"]
[GameId "2160767911874174"]
[EventDate "1998.??.??"]
[EventType "swiss"]
[EventRounds "5"]
[EventCountry "CAN"]

1. e4 d5 2. exd5 Nf6 3. Bb5+ Bd7 4. Bc4 Bg4 5. Nf3 Nxd5 6. c3 e6 7. Qa4+ c6 8. Bxd5 Bf5 9. Be4 b5 10. Qc2 Bxe4 11. Qxe4 Nd7 12. d4 b4 13. O-O bxc3 14. bxc3 Qb6 15. Ne5 Nxe5 16. Qxe5 O-O-O 17. Nd2 Rd5 18. Qe2 h5 19. Rb1 Qa5 20. Nf3 Be7 21. Bf4 Kd7 22. Rb7+ 1-0

[Event "Scarlet op"]
[Site "Winnipeg CAN"]
[Date "1998.09.26"]
[Round "3"]
[White "Khedkar, Jay"]
[Black "Gustafson, Dale"]
[Result "0-1"]
[WhiteElo "2029"]
[BlackElo "1962"]
[PlyCount "50"]
[GameId "2160767911874175"]
[EventDate "1998.??.??"]
[EventType "swiss"]
[EventRounds "5"]
[EventCountry "CAN"]

1. e4 d5 2. exd5 Qxd5 3. Nc3 Qa5 4. d4 Nf6 5. Nf3 c6 6. Be2 Bf5 7. Ne5 e6 8. Nc4 Qc7 9. Bg5 Nbd7 10. O-O Nb6 11. Ne3 Bg6 12. f4 O-O-O 13. f5 exf5 14. Nxf5 Bxf5 15. Rxf5 Qd6 16. a4 h6 17. Bxf6 gxf6 18. Ne4 Qe6 19. Nxf6 Qe3+ 20. Kh1 Rxd4 21. Qf1 Bd6 22. a5 Nd5 23. Nxd5 cxd5 24. Re1 Rh4 25. h3 Qg3 0-1

[Event "Scarlet op"]
[Site "Winnipeg CAN"]
[Date "1998.09.26"]
[Round "3"]
[White "Repa, Jason"]
[Black "Kaptsan, Aron"]
[Result "0-1"]
[WhiteElo "1850"]
[BlackElo "2146"]
[PlyCount "50"]
[GameId "2160767911874176"]
[EventDate "1998.??.??"]
[EventType "swiss"]
[EventRounds "5"]
[EventCountry "CAN"]

1. f4 g6 2. Nf3 Bg7 3. e3 Nf6 4. c4 O-O 5. Nc3 c5 6. b3 Nc6 7. Bb2 d5 8. cxd5 Nxd5 9. Be2 Ndb4 10. d3 Bf5 11. e4 Bg4 12. a3 Bxf3 13. gxf3 Na6 14. O-O Nd4 15. Rb1 Nc7 16. Ba1 Bh6 17. f5 gxf5 18. Kh1 e5 19. Rg1+ Kh8 20. exf5 Bf4 21. Rg4 Rg8 22. Ne4 Rxg4 23. fxg4 Qh4 24. Kg2 Qxh2+ 25. Kf1 Nd5 0-1

[Event "Scarlet op"]
[Site "Winnipeg CAN"]
[Date "1998.09.27"]
[Round "4"]
[White "Boron, Anthony"]
[Black "Khedkar, Jay"]
[Result "1-0"]
[WhiteElo "1849"]
[BlackElo "2029"]
[PlyCount "65"]
[GameId "2160767911874177"]
[EventDate "1998.??.??"]
[EventType "swiss"]
[EventRounds "5"]
[EventCountry "CAN"]

1. e4 c5 2. f4 e6 3. Nf3 d6 4. Bb5+ Nd7 5. O-O Ngf6 6. d3 Be7 7. b3 O-O 8. Bxd7 Bxd7 9. Bb2 Bc6 10. Nbd2 b5 11. Qe1 Re8 12. Kh1 Rb8 13. c4 a6 14. Qg3 Bf8 15. e5 dxe5 16. Nxe5 Bb7 17. Rad1 Qe7 18. Ndf3 Nh5 19. Qg4 g6 20. Kg1 f6 21. Nxg6 hxg6 22. Qxg6+ Ng7 23. Bxf6 Qf7 24. Qh6 Qh5 25. Qxh5 Nxh5 26. Be5 Rbd8 27. g4 Ng7 28. h4 Bd6 29. h5 Re7 30. Bf6 Red7 31. Bxd8 Rxd8 32. h6 Ne8 33. Ng5 1-0

[Event "Scarlet op"]
[Site "Winnipeg CAN"]
[Date "1998.09.27"]
[Round "4"]
[White "Gannon, Keith"]
[Black "Czarny, Keith"]
[Result "1/2-1/2"]
[WhiteElo "1725"]
[BlackElo "1713"]
[PlyCount "96"]
[GameId "2160767911874178"]
[EventDate "1998.??.??"]
[EventType "swiss"]
[EventRounds "5"]
[EventCountry "CAN"]

1. d4 d5 2. Nf3 g6 3. g3 Bg7 4. Bg2 Nf6 5. O-O O-O 6. Nc3 Re8 7. Re1 Nc6 8. e4 dxe4 9. Nxe4 Nxe4 10. Rxe4 Bf5 11. Re1 Nxd4 12. Nxd4 Qxd4 13. Qxd4 Bxd4 14. Bxb7 Rab8 15. Bc6 Red8 16. c3 Bf6 17. Ba4 Bh3 18. Bb3 a5 19. Rd1 c5 20. Rxd8+ Rxd8 21. Be3 Rc8 22. Bc2 e6 23. Rd1 Kg7 24. Be4 Rb8 25. b3 Bxc3 26. Bxc5 Kf6 27. Bg2 Bf5 28. h4 Rc8 29. Be3 Bb4 30. Bd2 Rc2 31. Bxb4 axb4 32. Rd4 Rxa2 33. Rxb4 Rb2 34. Rb8 Bd3 35. b4 h5 36. Rb6 Ke5 37. Rb7 f5 38. Rb8 f4 39. Ba8 fxg3 40. fxg3 Kf6 41. Bc6 e5 42. b5 e4 43. b6 e3 44. b7 e2 45. Kf2 Rb1 46. Re8 Ba6 47. b8=Q e1=Q+ 48. Rxe1 Rxb8 1/2-1/2

[Event "Scarlet op"]
[Site "Winnipeg CAN"]
[Date "1998.09.27"]
[Round "4"]
[White "Gustafson, Dale"]
[Black "Kaptsan, Aron"]
[Result "0-1"]
[WhiteElo "1962"]
[BlackElo "2146"]
[PlyCount "40"]
[GameId "2160767911874179"]
[EventDate "1998.??.??"]
[EventType "swiss"]
[EventRounds "5"]
[EventCountry "CAN"]

1. e4 d6 2. d4 Nf6 3. Nc3 g6 4. Nf3 Bg7 5. Be2 O-O 6. h3 c6 7. O-O Qc7 8. Bf4 Nbd7 9. Qd2 e5 10. Bh6 Re8 11. Bxg7 Kxg7 12. dxe5 dxe5 13. Rfe1 Nc5 14. Bf1 Ne6 15. g3 Nd7 16. Rad1 f6 17. Nh2 Ndf8 18. Ne2 Qb6 19. c3 Ng5 20. h4 Nxe4 0-1

[Event "Scarlet op"]
[Site "Winnipeg CAN"]
[Date "1998.09.27"]
[Round "4"]
[White "Trueman, Francis"]
[Black "Repa, Jason"]
[Result "0-1"]
[WhiteElo "1493"]
[BlackElo "1850"]
[PlyCount "28"]
[GameId "2160767911874180"]
[EventDate "1998.??.??"]
[EventType "swiss"]
[EventRounds "5"]
[EventCountry "CAN"]

1. Nf3 f5 2. d3 Nf6 3. Bg5 e6 4. e4 fxe4 5. dxe4 Be7 6. Ne5 O-O 7. Nc3 Nc6 8. Nxc6 bxc6 9. e5 Nd5 10. Bxe7 Qxe7 11. Ne4 Qb4+ 12. Nd2 Qxb2 13. Bd3 Qxe5+ 14. Kf1 Ne3+ 0-1

[Event "Scarlet op"]
[Site "Winnipeg CAN"]
[Date "1998.09.27"]
[Round "5"]
[White "Czarny, Keith"]
[Black "Gustafson, Dale"]
[Result "0-1"]
[WhiteElo "1713"]
[BlackElo "1962"]
[PlyCount "38"]
[GameId "2160767911874181"]
[EventDate "1998.??.??"]
[EventType "swiss"]
[EventRounds "5"]
[EventCountry "CAN"]

1. c4 e5 2. g3 Nc6 3. Bg2 g6 4. e3 Bg7 5. Nc3 d6 6. Nf3 h6 7. O-O Be6 8. Nd5 Qd7 9. Re1 O-O-O 10. b4 e4 11. Rb1 exf3 12. Bxf3 Ne5 13. Bg2 Bh3 14. b5 Bxg2 15. Qa4 Bxd5 16. cxd5 Qh3 17. b6 Ng4 18. Qxg4+ Qxg4 19. bxa7 Kd7 0-1

[Event "Scarlet op"]
[Site "Winnipeg CAN"]
[Date "1998.09.27"]
[Round "5"]
[White "Kaptsan, Aron"]
[Black "Gannon, Keith"]
[Result "1-0"]
[WhiteElo "2146"]
[BlackElo "1725"]
[PlyCount "93"]
[GameId "2160767911874182"]
[EventDate "1998.??.??"]
[EventType "swiss"]
[EventRounds "5"]
[EventCountry "CAN"]

1. d4 d5 2. c4 e6 3. Nc3 Nf6 4. Bg5 Be7 5. e3 h6 6. Bh4 Nbd7 7. cxd5 exd5 8. Qc2 c6 9. Bd3 O-O 10. Nge2 Re8 11. f3 Nf8 12. Bf2 b6 13. O-O Bb7 14. Kh1 c5 15. Bg1 c4 16. Bf5 Bc8 17. Bxc8 Rxc8 18. e4 Bb4 19. e5 N6h7 20. f4 f6 21. Be3 Bxc3 22. bxc3 a5 23. Ng3 Rc7 24. Nf5 Re6 25. Rf3 fxe5 26. dxe5 b5 27. Bd4 b4 28. Nd6 Rd7 29. Raf1 g6 30. Rh3 h5 31. f5 gxf5 32. Rxh5 Rg7 33. Qxf5 Qe7 34. Qh3 bxc3 35. Qxc3 Nd7 36. Qxa5 Kh8 37. Qxd5 c3 38. Bxc3 Nb6 39. Qb5 Qc7 40. Qd3 Qd7 41. Rf8+ Rg8 42. Nf7+ Kg7 43. Rxg8+ Kxg8 44. Qxh7+ Kf8 45. Bb4+ Re7 46. Qh8+ Kxf7 47. Qf6+ 1-0

[Event "Scarlet op"]
[Site "Winnipeg CAN"]
[Date "1998.09.27"]
[Round "5"]
[White "Repa, Jason"]
[Black "Boron, Anthony"]
[Result "1/2-1/2"]
[WhiteElo "1934"]
[BlackElo "1849"]
[PlyCount "73"]
[GameId "2160767911874183"]
[EventDate "1998.??.??"]
[EventType "swiss"]
[EventRounds "5"]
[EventCountry "CAN"]

1. f4 d5 2. b3 Nf6 3. Bb2 g6 4. Nf3 Bg7 5. e3 O-O 6. Be2 Bg4 7. O-O Bxf3 8. Bxf3 c6 9. d3 Nbd7 10. Nd2 Re8 11. e4 Qb6+ 12. Kh1 Nxe4 13. Bxg7 Nxd2 14. Qxd2 Kxg7 15. f5 Qd4 16. c3 Qh4 17. g3 Qh6 18. Qxh6+ Kxh6 19. fxg6 hxg6 20. Bg2 Kg7 21. d4 e5 22. dxe5 Rxe5 23. Rf2 Rae8 24. Raf1 R8e7 25. h3 Re3 26. c4 dxc4 27. bxc4 Rxg3 28. Rb1 Nb6 29. Rfb2 Rc3 30. a4 Rxc4 31. a5 Nd5 32. Rxb7 Rxb7 33. Rxb7 Rc1+ 34. Kh2 Rc2 35. Kg3 Rc3+ 36. Kh2 Rc2 37. Kg3 1/2-1/2

[Event "Schnitka mem."]
[Site "Edmonton CAN"]
[Date "1998.02.23"]
[Round "1"]
[White "Kazakevich, Anastasia"]
[Black "McNab, John"]
[Result "1-0"]
[WhiteElo "1304"]
[BlackElo "1738"]
[PlyCount "109"]
[GameId "2160767911873869"]
[EventDate "1998.02.23"]
[EventType "swiss"]
[EventRounds "6"]
[EventCountry "CAN"]
[SourceTitle "Albertabase"]
[SourceDate "2003.08.17"]
[SourceVersion "1"]
[SourceVersionDate "2003.08.17"]
[SourceQuality "1"]

1. d4 Nf6 2. c4 g6 3. Nc3 Bg7 4. e3 O-O 5. Nf3 d6 6. Bd3 c5 7. O-O Nbd7 8. a3 b6 9. b4 Bb7 10. Bb2 Nh5 11. Be4 Bxe4 12. Nxe4 f5 13. Neg5 Qc8 14. Ne6 Re8 15. Nxg7 Nxg7 16. Qd3 Qc7 17. d5 Nf6 18. h3 Rf8 19. Qc3 Qd7 20. Rae1 Rae8 21. e4 e5 22. dxe6 Rxe6 23. exf5 Rxe1 24. Rxe1 Qxf5 25. Qe3 Re8 26. Qd2 Rxe1+ 27. Qxe1 Ne4 28. Nd2 Nxd2 29. Qxd2 Nh5 30. g4 Qb1+ 31. Qc1 Qxc1+ 32. Bxc1 Nf6 33. Bf4 Ne8 34. h4 Kf7 35. Kg2 Ke6 36. Kf3 Nc7 37. h5 a6 38. hxg6 hxg6 39. Kg3 Ne8 40. Kh4 Nf6 41. Kg5 Ne4+ 42. Kxg6 Nxf2 43. g5 Ne4 44. Kh5 Nxg5 45. Kxg5 d5 46. b5 axb5 47. cxb5 d4 48. Kg4 Kd5 49. Bc7 Kc4 50. a4 Kb4 51. a5 bxa5 52. b6 d3 53. Bf4 c4 54. b7 Kc3 55. b8=Q 1-0

[Event "Schnitka mem."]
[Site "Edmonton CAN"]
[Date "1998.02.23"]
[Round "1"]
[White "Ottosen, David"]
[Black "Verlik, Val"]
[Result "1/2-1/2"]
[WhiteElo "2190"]
[BlackElo "1561"]
[PlyCount "109"]
[GameId "2160767911873870"]
[EventDate "1998.02.23"]
[EventType "swiss"]
[EventRounds "6"]
[EventCountry "CAN"]

1. e4 e5 2. Nf3 Nc6 3. Bb5 d6 4. O-O Bd7 5. c3 Be7 6. d4 a6 7. Ba4 b5 8. Bc2 Nf6 9. Re1 Bg4 10. Be3 O-O 11. Nbd2 d5 12. h3 dxe4 13. Nxe4 exd4 14. Nxf6+ Bxf6 15. Qd3 g6 16. Bh6 Bf5 17. Qd1 Bxc2 18. Qxc2 d3 19. Qd2 Re8 20. Rxe8+ Qxe8 21. Qxd3 Rd8 22. Re1 Ne7 23. Qe4 Qd7 24. Nd4 Re8 25. Nc6 Qe6 26. Qxe6 fxe6 27. Rxe6 Kf7 28. Rxf6+ Kxf6 29. Nd4 Nf5 30. Nxf5 Kxf5 31. Be3 Ke4 32. b4 Kd3 33. Bd4 Re1+ 34. Kh2 Ra1 35. Kg3 Ke4 36. Kg4 h6 37. h4 Rxa2 38. h5 g5 39. g3 a5 40. bxa5 Rxa5 41. f3+ Kd5 42. Kf5 Ra6 43. Be5 c5 44. f4 gxf4 45. Bxf4 Re6 46. g4 Rc6 47. g5 hxg5 48. Bxg5 b4 49. cxb4 cxb4 50. h6 b3 51. h7 Rc8 52. Bf6 Rf8 53. h8=Q Rxh8 54. Bxh8 b2 55. Bxb2 1/2-1/2

[Event "Schnitka mem."]
[Site "Edmonton CAN"]
[Date "1998.03.02"]
[Round "2"]
[White "Ottosen, David"]
[Black "Kazakevich, Anastasia"]
[Result "1-0"]
[WhiteElo "2190"]
[BlackElo "1304"]
[PlyCount "75"]
[GameId "2160767911873871"]
[EventDate "1998.02.23"]
[EventType "swiss"]
[EventRounds "6"]
[EventCountry "CAN"]

1. e4 c6 2. Nc3 d5 3. Nf3 dxe4 4. Nxe4 Bf5 5. Ng3 Bg6 6. h4 h6 7. Ne5 Bh7 8. Qh5 g6 9. Bc4 e6 10. Qe2 Nd7 11. Nxf7 Qe7 12. Nxh8 Bg7 13. Nxg6 Bxg6 14. Qxe6 Qxe6+ 15. Bxe6 Ke7 16. Bxg8 Rxg8 17. d3 Nc5 18. O-O Na4 19. h5 Bh7 20. Re1+ Kd7 21. Ne4 b5 22. c3 Bf5 23. Bxh6 Bxe4 24. Bxg7 Bxg2 25. h6 Bd5 26. Kh2 Rxg7 27. hxg7 Bg8 28. Re4 Nc5 29. Rf4 Ne6 30. Rf8 Nxg7 31. Rxg8 Ne6 32. Rag1 a5 33. c4 Nd4 34. R1g6 Nf3+ 35. Kh1 Ne5 36. R8g7+ Kd8 37. Rh6 Ke8 38. Rh8# 1-0

[Event "Schnitka mem."]
[Site "Edmonton CAN"]
[Date "1998.03.09"]
[Round "3"]
[White "Anderson, John"]
[Black "Kazakevich, Anastasia"]
[Result "1/2-1/2"]
[WhiteElo "1431"]
[BlackElo "1304"]
[PlyCount "82"]
[GameId "2160767911873872"]
[EventDate "1998.02.23"]
[EventType "swiss"]
[EventRounds "6"]
[EventCountry "CAN"]
[SourceTitle "Albertabase"]
[SourceDate "2003.08.17"]
[SourceVersion "1"]
[SourceVersionDate "2003.08.17"]
[SourceQuality "1"]

1. e4 e5 2. Nf3 Nc6 3. Nc3 Bc5 4. Bb5 d6 5. Na4 Bb6 6. Nxb6 axb6 7. Bxc6+ bxc6 8. d3 h6 9. O-O Nf6 10. Re1 O-O 11. c4 d5 12. Qc2 Qd6 13. Bd2 b5 14. c5 Qe7 15. Bb4 Bg4 16. Qd1 Nd7 17. h3 Bh5 18. g4 Bg6 19. Qc2 Qf6 20. Nh2 Qf4 21. Bd2 Qf6 22. b3 Qe7 23. Bb4 Qh4 24. Kg2 h5 25. Nf3 Qf6 26. g5 Qe6 27. Kg3 f6 28. gxf6 Qxf6 29. Qe2 Qf4+ 30. Kg2 h4 31. Bd2 Qf7 32. Nxh4 Bh5 33. f3 Qf6 34. Kg3 Nxc5 35. Nf5 Ne6 36. Be3 d4 37. Bd2 Bg6 38. Nh4 Bh5 39. Nf5 Bg6 40. Nh4 Bh5 41. Nf5 Bg6 1/2-1/2